| 000 | 00386nam a22001697a 4500 | ||
|---|---|---|---|
| 999 |
_c11477 _d11477 |
||
| 003 | OSt | ||
| 008 | 220823b ||||| |||| 00| 0 eng d | ||
| 020 | _a9789353167301 | ||
| 082 | _a658.15 KHI | ||
| 100 | _aKHAN,M.Y. | ||
| 245 | _aIndian Financial System | ||
| 250 | _a11th | ||
| 260 |
_aNew Delhi _bMcgraw Hill _c2021 |
||
| 300 | _aMISC | ||
| 650 | _aCommerce | ||
| 942 |
_2ddc _cBK _02 |
||